[Event "41. Olympiad Tromso 2014 Open"]
[Site "TromsøÂ¸"]
[Date "2014.08.04"]
[Round "3"]
[White "Topalov, Veselin"]
[Black "Vallejo Pons, Francisco"]
[Result "1-0"]
[WhiteElo "2772"]
[BlackElo "2698"]
[EventDate "2014.??.??"]
[Annotator "Marin,Mihail"]
[PlyCount "85"]
[EventCountry "NOR"]
[WhiteTeam "Bulgarien"]
[BlackTeam "Spanien"]
[WhiteTeamCountry "BUL"]
[BlackTeamCountry "ESP"]

1. d4 f5 2. c4 Nf6 3. Nc3 {Topalov also deviates from the main lines.} 
3. ... e6!? {Not really switching to another system. The positional threat
of ...Bb4 induces the next move after which Black will be ready to 
continue his Leningrad style development.} 4. a3 g6 5. Bf4 {Reminiscent of
Aronian-Van Wely, Wijk aan Zee 2014.} 5. ... Bg7 6. e3 O-O 7. Nf3 d6 8. 
Be2 {[#]At the moment, the move ...e7-e6 is more useful than a2-a3. It 
prevents a central blockade based on d4-d5 and allows the queen's 
development to e7.} 8. ... h6 {This plan loses time and results into the 
weakening of the light squares. It is not necessarily bad, but it requires
increased accuracy.} ( {I would prefer} 8. ... Nc6 9. Qc2 Qe7 {, preparing
either ...e6-e5 or ...Nd8-f7.} ) 9. h3 g5 10. Bh2 Nbd7 ( {The same plan as
above does not work out so well now:} 10. ... Qe7 11. Qc2 Nc6 12. d5 Nd8 
13. Bd3 {and f5 is hard to defend.} ) 11. Qc2 b6 12. Rd1 Kh8 13. b4 Bb7 {
[#]} 14. d5! {After the bishop has emerged on b7, this is just natural, 
but Black has indirect ways of defending the f5-pawn.} 14. ... e5! 15. Nd2
( 15. Qxf5?! {does not work out well due to:} 15. ... Nxd5 16. Qc2 Nxc3 
17. Qxc3 e4 18. Nd4 c5 ) 15. ... c6?! {There was no need to weaken the 
d6-pawn so soon. True, the bishop is temporarily passive on b7, but could 
be recycled with a later ...Bb7-c8.} ( {The neutral} 15. ... a5 {is an 
important alternative.} ) ( {But I would mainly consider} 15. ... f4 {, 
removing the problems with the hanging pawn and giving the h2-bishop a 
hard time. The computer is quite skeptical about my idea, but engines tend
to underestimate the importance of cutting such bishops off-play.} ) 16. 
dxc6 Bxc6 17. O-O Rc8 ( {Due to the weaknesses along the d-file, it is too
late for} 17. ... f4 18. Nde4 {already.} ) 18. Qxf5! {Just like in the 
game Leko-Wang, White destroys the wall with a positional queens 
sacrifice.} 18. ... Ne4 19. Qxf8+! Bxf8 20. Ndxe4 Qc7 21. Rd2 Kg7 22. Rfd1
{[#]As I mentioned on my Leningrad Dutch DVD, when things go wrong for 
Black in this opening, they can really spoil your day. Soon there will be 
only ruins left out of the black wall.} 22. ... Nf6 23. Nxd6 Bxd6 24. Rxd6
Qe7 25. Bg3 Be8 {[#]} 26. Rxf6!? {Not really necessary, but strong enough 
and rather typical for Topalov.} 26. ... Qxf6 27. Ne4 Qg6 28. Nd6 Ba4 29. 
Rd5 Qb1+ {The queen's activity is very sterile, since WHite dominates the 
centre and has no weaknesses.} 30. Kh2 Rf8 31. c5 Bb3 32. Rxe5 Qc2 33. Bf3
{[#]} 33. ... Rxf3 {The bishops were getting too strong. However, this 
return sacrifice does not save the game.} 34. gxf3 bxc5 35. bxc5 Ba4 36. 
Nf5+ Kg6 37. c6 h5 38. Nd4 Qc4 39. h4 gxh4 40. Bxh4 a5 41. Re6+ Kf7 42. 
Re7+ Kg6 43. c7 1-0

[Event "41. Olympiad Tromso 2014 Open"]
[Site "TromsøÂ¸"]
[Date "2014.08.04"]
[Round "3"]
[White "Caruana, Fabiano"]
[Black "Negi, Parimarjan"]
[Result "1-0"]
[WhiteElo "2801"]
[BlackElo "2645"]
[EventDate "2014.??.??"]
[Annotator "Marin,Mihail"]
[PlyCount "113"]
[EventCountry "NOR"]
[WhiteTeam "Italien"]
[BlackTeam "Indien"]
[WhiteTeamCountry "ITA"]
[BlackTeamCountry "IND"]

1. e4 e5 2. Nf3 Nc6 3. Bb5 Nf6 4. O-O Nxe4 5. d4 Nd6 6. Bxc6 dxc6 7. dxe5 
Nf5 8. Qxd8+ Kxd8 9. h3 {[#]} 9. ... Bd7 {Actually, this is a questionable
opening choice against the Italian super GM, who has obtained a few 
important victories against it.} ( {Among other, he has caused Carlsen's 
only Berlin defeat in a game at classical time rate. It is interesting to 
mention that just as in the current game, Caruana met ...Bf8-e7 with 
g2-g4:} 9. ... h6 10. Rd1+ Ke8 11. Nc3 Bd7 12. Bf4 Rd8 13. Ne4 Be7 14. g4 
{Caruana-Carlsen, Gashimov Memorial, Shamkir 2014} ) 10. Rd1 Be7 {[#]} 11.
 g4 ( {Earlier this year, Caruana had delayed the advance of the g-pawn 
for one move:} 11. Nc3 Kc8 12. g4 {Caruana-Adams, Dortmund 2014. White won
after 48 moves. By playing g2-g4 one move earlier, White keeps the 
possibility of a different way of developing his remaining knight.} ) 
11. ... Nh4 12. Nxh4 Bxh4 {The knights' exchange has a few positive 
consequences for White. The f-pawn will be easier to advance while Black's
chances for counterplay are reduced to the minimum.} 13. Nd2!? {This is 
where Caruana truly deviates from his game against Adams. The knight 
hurries to unblock the kingside and prepare the exchange of the 
dark-squared bishops.} 13. ... Kc8 14. Nf3 Be7 15. Rd3 c5 {This is a 
thematic move, restricting the knight and preparing for ...Bc6.} ( {
However, it makes sense to prevent White's next move with} 15. ... h6 {as 
in Caruana-Grischuk, European team championship, Warsaw 2013.} ) 16. Bg5 {
It is worth mentioning that with the king on e7 this move would rather 
help Black who would get the e7-square for his king, with chances to 
attack the far advanced e5-pawn.} 16. ... c4?! {With his development 
incomplete, Black should have abstained himself from displaying dynamic 
ambitions. Weakening the queenside dark squares will have a decisive 
influence in the final part of the game.} ( {The cautious} 16. ... Re8!? {
would have offered Black chances to get some counterplay against the 
e5-pawn.} ) 17. Rd4 Bc6 18. Bxe7 Bxf3 {[#]Black must have overestimated 
the drawish tendencies of the rooks and opposite colured bishops ending. 
WHite can advance his massive kingside majority without having any kind of
worries on the opposite side of the board.} 19. Kh2 Re8 20. Bh4 c6 21. Re1
Bd5 22. f4 a5 23. c3 b5 24. Rd2 b4 25. Bf2 bxc3 26. bxc3 Rb8 27. f5 a4 28.
 Bc5 {[#]All over this phase, we can notice the high mobility of the white
bishop, a direct consequence of the impatient ...c5-c4.} 28. ... Rb7 29. 
Kg3 Kd7 30. Ba3 Rb5 31. Kf4 Rbb8 32. h4 Rb5 33. h5 h6 {From practical 
point of view, it is very hard to decide which would be the best defensive
structure. Black is doomed to passivity and can only hope not making 
things even worse for himself.} 34. Rdd1 f6 {Another committal decision. 
Black was probably worried of the threat f5-f6, but his move leaves the 
whole kingside weak transforming the e-pawn into a dangerous passer.} 35. 
e6+ Kc7 36. Rb1 Reb8 37. Rb4 Ra8 38. Reb1 Rab8 39. Ke3 Kb6 40. Rd1 Rxb4 
41. Bxb4 Kc7 42. Re1! {[#]An instructive Zugzwang position. Black's 
possibilities are strongly retsricted. He has to defend the b-file against
the enemy rook's intrusion and the back rank against Bf8. This more or 
less imobilizes the king and rook, while the bishop has only one move at 
its disposal!} 42. ... Kd8 {The alternatives are no better.} ( 42. ... Bg2
{exposes the bishop, allowing White to gain a decisive tempo in the 
following variation:} 43. Rb1! {Threatening Bd6!+} 43. ... Kc8 44. Rg1! {
Unpinning the bishop.} 44. ... Bd5 45. Bf8 {With similar play as in the 
game.} ) ( {Or if} 42. ... Re8 43. Rb1 {the rook invades through the 
b-file since} 43. ... Rb8 {is impossible due to} 44. Bd6+! ) 43. Bf8 Rb7 
44. e7+ Ke8 {[#]} 45. Re2!? {According to the classical standards, a 
technical move, preventing any econd rank counterplay.} ( {But White's 
position was so strong that he could have done without it by playing} 45. 
Kf4!? {followed by Bxg7 soon.} ) 45. ... Rb1 46. Bxg7 Kxe7 47. Kf2+ Kf7 
48. Bxh6 a3 49. Bf4 Rd1 50. Bd6 {The start of the decisive attack.} 
50. ... Rd3 51. Re7+ Kg8 52. h6 Rh3 53. Rg7+ Kh8 54. Rg6 Rxc3 55. Be7 Kh7 
56. Bxf6 {There is no defence against the mating attack based on g4-g5 and
Rg7+.} 56. ... Rc2+ {The last "revenge check".} 57. Kg3 1-0

[Event "41. Olympiad Tromso 2014 Open"]
[Site "TromsÃÂ¸"]
[Date "2014.08.04"]
[Round "3"]
[White "Aronian, Levon"]
[Black "Vachier-Lagrave, Maxime"]
[Result "1/2-1/2"]
[WhiteElo "2805"]
[BlackElo "2768"]
[EventDate "2014.??.??"]
[PlyCount "120"]
[EventCountry "NOR"]
[WhiteTeam "Armenien"]
[BlackTeam "Frankreich"]
[WhiteTeamCountry "ARM"]
[BlackTeamCountry "FRA"]

1. d4 {Robot 9} 1. ... Nf6 2. c4 g6 3. f3 {This Saemisch-style set ups are
becoming increasingly popular; Giri recently used it to beat MVL in Biel.}
3. ... Bg7 {MVL deviates from his usual Grunfeld set-ups to go into a 
King's Indian.} 4. e4 d6 5. Nc3 O-O 6. Be3 Nc6 7. Nge2 a6 8. Qd2 Rb8 9. 
Rc1 Bd7 10. d5 ( 10. Nd1 {is by far the main line, but Aronian has an 
interesting idea.} ) 10. ... Ne5 11. Ng3 Re8 {A hard move to understand, 
it seems as if Black had to hurry up with a break on the queenside.} ( 
11. ... c5 12. f4 Neg4 13. Bg1 {was a 2008 game between Erdos-Di Berardino
} ) 12. h3!? {Aronian forces MVL's hand. The threat of f4, trapping the 
knight on e5, is unpleasant and difficult to meet.} 12. ... b5 13. b3 {of 
course! The pawn is defended so the knight on e5 remains trapped.} 13. ...
 h5!? {Completely ignoring the threat!} 14. f4 Nxc4 15. bxc4 h4 {the point
is that if the knight retreats White's center is very weak.} 16. e5! ( 16.
 Nge2 b4 17. Nd1 Nxe4 =+ {and only Black can claim an advantage.} ) 
16. ... dxe5 17. fxe5 hxg3 18. exf6 exf6 {This was Vachier's idea. The 
open e-file provides strong counterplay and despite the extra piece the 
position is still not clear.} 19. Be2 Qe7 20. Nd1 bxc4? {This move is just
too slow.} ( 20. ... f5! 21. c5 ( 21. O-O g5! {threatening f4 gives Black 
adequate counterplay.} ) 21. ... Bc6!! 22. dxc6 Rbd8 23. Qc2 Rxd1+ 24. 
Rxd1 Qxe3 {with strong compensation.} ) 21. O-O Ba4 22. Bf4? {Aronian got 
too fancy, the simple solution was better.} ( 22. Rf3! f5 23. Bxc4 +- ) 
22. ... g5 ( 22. ... Qxe2! {Taking right away was stronger.} 23. Qxe2 Rxe2
24. Nc3 Rbb2 25. Nxe2 Rxe2 26. Rxc4 Rxa2 27. Rxc7 Bc2! {Is far from clear;
White has to watch out for Be4.} ) 23. Bxg3 Qxe2 24. Qxe2 Rxe2 25. Nc3 Re3
{Black regains his piece but his position will be difficult with the 
passed d-pawn.} 26. Bxc7 Rb7 27. Nxa4 Rxc7 28. d6 {Black will suffer 
trying to get this pawn off the board.} 28. ... Rd7 29. Nb6 Rd8 30. Rxc4! 
( 30. Nxc4 += ) 30. ... Re6 31. d7 f5 32. Rb1 Rd6 33. Kf1 Bd4! {MVL 
understands perfectly that the knight is more important than the bishop in
this position as the d7-pawn just has to go.} 34. Rd1 Rxb6 35. Rdxd4 Kf8 
36. Rc5 f6 37. Rxf5 Ke7 38. Rfd5 Rb7 {It's over for the d-pawn, but White 
still has winning chances. However Vachier shows nice technique in holding
the draw.} 39. Ra4 Rdxd7 40. Rxd7+ Rxd7 41. Rxa6 Rd2 42. Ra7+ Ke6 43. a4 
Ra2 44. a5 Kf5 45. Kg1 g4 46. Kh2 gxh3 47. Kxh3 Kg6 48. a6 Ra3+ 49. Kg4 
Ra4+ 50. Kf3 Ra2 51. Ra8 Kg7 52. g3 Ra4 53. Ke3 Rg4 54. Kd3 Rxg3+ 55. Kc4 
Ra3 56. Kb5 f5 57. Rc8 f4 58. Rc7+ Kg6 59. Rc6+ Kg5 60. Kb4 Ra1 1/2-1/2

[Event "41. Olympiad Tromso 2014 Open"]
[Site "TromsøÂ¸"]
[Date "2014.08.04"]
[Round "3"]
[White "Leko, Peter"]
[Black "Wang, Yue"]
[Result "1-0"]
[WhiteElo "2740"]
[BlackElo "2718"]
[EventDate "2014.??.??"]
[Annotator "Marin,Mihail"]
[PlyCount "141"]
[EventCountry "NOR"]
[WhiteTeam "Ungarn"]
[BlackTeam "China"]
[WhiteTeamCountry "HUN"]
[BlackTeamCountry "CHN"]

1. e4 e5 2. Nf3 Nf6 {Even though the Russian (Petroff) Defence has since 
always been regarded as a solid opening, its reputation as almost 
unbreakable started building up only in the late '90s, more or less at the
same time with the rising of the Berlin defence. In the '70s and '80s the 
evaluation of the Petroff greately depended on which side of the board 
Karpov was sitting. He used to be merciless with white and unbeatable with
black.} 3. Nxe5 d6 4. Nf3 Nxe4 5. Nc3!? ( {Nowadays, there is not much 
White can hope for in the classical main line:} 5. d4 d5 6. Bd3 ) 5. ... 
Nxc3 6. dxc3 Be7 7. Be3 Nc6 8. Qd2 Be6 9. O-O-O Qd7 {[#]Despite his easy 
development and complete lack of weaknesses, Black tends to experience 
micro-problems in this line. Wherever he is going to castle, his king 
would be slightly mor eexposed than White's, while his minor pieces tend 
to be a bit vulnerable.} 10. h4 {Inhibiting Black's castling short.} 
10. ... h6 11. b3 {A new move.} ( {The most popular continuation is} 11. 
Kb1 ) 11. ... Bf6 12. Nd4!? {A subtle move, causing unexpected problems.} 
12. ... a6 ( {The natural sequence} 12. ... Nxd4 13. Bxd4 Bxd4 14. Qxd4 {
practically forces} 14. ... O-O {, yielding White good attacking chances 
after} 15. Bd3 ) 13. Nxe6 fxe6 {In view of his bishops' pair and the 
weakness on e6, White has emerged with a pleasant advantage out of the 
opening.} 14. g3 O-O-O 15. Bh3 Kb8 16. Rhe1 Rde8 17. Bg2 {Now or on the 
next move, White could have consider restricting Black's mobility with 
f2-f4. Leko might have feared a blockade based on ...h7-h5 followed by 
...Ne7-f5, but due to the weakness of the e6-pawn that plan is not easy to
carry out.} 17. ... d5 18. Bc5 g5 19. hxg5 hxg5 {Over the past moves, 
Black has gained space on two important secotrs of the board and can now 
be happy with his position.} 20. Qe3 Qg7 {After almost half an hour of 
thought, Black decides to punish his opponent for weakening the c3-square 
in the early phase of the game. The game enters a concrete phase now.} 21.
 Bxd5!? {Quite a typical move for our main theme of today: breaking the 
walls.} 21. ... exd5?! {Wang played this almost instantly, making clear 
that he had planned it in advance. He must have misevaluated something, 
since Black will get a slightly inferior ending in the best of the cases.}
( {Analysing the consequences of} 21. ... Bxc3 22. Bxc6 {when the only 
move seems to be} 22. ... Rd8 {is a bit beyond the frame of these express 
comments, so I kindly invite you to consult the next ChessBase Magazine.} 
) 22. Qxe8+! Rxe8 23. Rxe8+ Bd8 24. Rxd5 Kc8 ( {If} 24. ... b6 25. Rdxd8+ 
Nxd8 26. Rxd8+ Kb7 27. Bd4 {White's position would be rather pleasant. 
Strictly speaking, he would have a small material advantage already, with 
a safe king and chances for creating a passed pawn. However, I doubt that 
he could hope for a win against accurate defence.} ) 25. Be7 {[#]} 25. ...
 Qxe7? {This leads to a very difficult, quite possibly lost, ending.} ( {
Black might have failed to notice that after} 25. ... b6!? 26. Bxg5 Kb7 
27. Bxd8 {he would have the resource} 27. ... Qf7! {attacking both rooks. 
The knight controls the only square on which rooks can be connected.} 28. 
Rde5 Nxe5 29. Rxe5 Qxf2 30. Bh4 {White's coordination is worse than in the
previous line, so Black could count on a draw.} ) 26. Rxe7 Bxe7 27. Kd2 {
[#]With rook and two pawns against two minor pieces plus an active king 
White has every chance to win.} 27. ... Bf6 28. Ke3 Ne7 29. Rd3 Nf5+ 30. 
Kf3 b5 31. Kg4 Nd6 32. Kh5 Kd7 33. Kg6 Be7 34. f4 gxf4 35. gxf4 Ke8 36. f5
Nf7 37. Re3 Kf8 38. f6 Bd6 {White has made a lot of progress, but for a 
long while Leko will not find a concrete plan, sticking to moving his rook
around.} 39. Rh3 Kg8 40. Kf5 Kf8 41. Rh5 Ke8 42. Rh7 Bf8 43. Rh4 Kd7 44. 
Rh7 Ke8 45. Rh1 Bd6 46. Kg6 Kf8 47. Rh7 Ne5+ 48. Kf5 Nf7 49. Rg7 Nd8 {[#]}
50. c4! {Finally something concrete. In principle, White will try question
the stability of the black bishop with c4-c5, but that is not easy to 
achieve yet.} 50. ... bxc4 51. bxc4 Nb7? {Making things simple for White. 
It many times happens that Black has two knights and only one good square 
for them. Here we have the opposite: two blocking squares (f7 and c5) and 
only one knight.} ( {He should have kept the pawn under control with} 
51. ... Nf7 {, when White would have had to work a bit more to win.} ) 52.
 Kg6 {With the imparable threat f6-f7.} 52. ... Ke8 53. f7+ Kd8 54. Rg8+ 
Kd7 {[#]} 55. Ra8 {Playing cat and mouse a bit.} ( {Black's counterplay 
would be easy to restrict after} 55. f8=Q Bxf8 56. Rxf8 Kc6 57. Rf5 Nd6 
58. Ra5 Kb6 59. Ra4 ) 55. ... Nd8 56. Kg7 Ne6+ 57. Kg8 Nc5 {Allwoing White
to create a second passed pawn would have been equally hopeless.} 58. f8=Q
Bxf8 59. Kxf8 Kc6 60. Ke7 Kb6 61. Kf6 Kb7 62. Rh8 {Somewhere around this 
moment one gets the feeling that Black has missed the right moment for 
resigning. But this is typical for games deciding the final outcome of the
match.} 62. ... Nd7+ 63. Ke6 Nb6 64. c5 Na4 65. Kd5 Nc3+ 66. Kc4 Nb5 67. 
Rh6 Na7 68. Kd5 Nb5 69. Rh3 c6+ 70. Kc4 a5 71. Rb3 1-0

[Event "41. Olympiad Women 2014"]
[Site "Tromso NOR"]
[Date "2014.08.04"]
[Round "3.1"]
[White "Havlikova, Kristyna"]
[Black "Zepeda, Lorena"]
[Result "1-0"]
[WhiteElo "2215"]
[BlackElo "2158"]
[EventDate "2014.08.02"]
[PlyCount "110"]

1. e4 c5 2. Nf3 d6 3. d4 cxd4 4. Nxd4 Nf6 5. Nc3 a6 6. Be2 e6 7. O-O Be7 
8. f4 Nc6 9. Be3 O-O 10. Kh1 Qc7 11. Qe1 Nxd4 12. Bxd4 b5 13. e5 dxe5 14. 
Bxe5 Qb6 15. Qh4 Bb7 16. Bd3 h6 17. Rae1 b4 18. Nd1! {Bílého jezdce Ä�eká 
záÅ™ná budoucnost.} 18. ... Nd5 19. Qg3 Bf6 20. Nf2 Bxe5 21. fxe5 Qc7 22. 
Ng4 {Bílé figury jsou perfektnÄ› rozmístÄ›ny k útoku.} 22. ... Kh8 23. Qh3
Kg8 24. Rf3 ( 24. Nxh6+ gxh6 25. Qxh6 f5 26. exf6 +- ) 24. ... f5 25. exf6
Nxf6 26. Nxf6+ Rxf6 27. Rxf6 gxf6 28. Rxe6 Qf4 29. Re1 Bd5 30. Rf1 Qg5 31.
 Be4 Rd8 32. Bxd5+ Rxd5 33. Qc8+ {Vzniklá koncovka je hladce vyhraná.} 
33. ... Kg7 34. Qb7+ Kg6 35. Qxb4 Qf5 36. Qc4 Qe6 37. h3 h5 38. Qf4 Rg5 
39. c4 Qc6 40. Rf3 Qb6 41. b3 Re5 42. Qg3+ Kh6 43. Qf2 Qxf2 44. Rxf2 Kg5 
45. b4 a5 46. a3 axb4 47. axb4 Re1+ 48. Kh2 Rb1 49. b5 Rc1 50. Rb2 Rxc4 
51. b6 Rc8 52. b7 Rb8 53. Kg3 h4+ 54. Kf3 f5 55. Rb5 Kf6 1-0

[Event "41. Olympiad Open 2014"]
[Site "Tromso NOR"]
[Date "2014.08.05"]
[Round "4.2"]
[White "Laznicka, Viktor"]
[Black "Perunovic, Milos"]
[Result "1-0"]
[WhiteElo "2676"]
[BlackElo "2602"]
[EventDate "2014.08.02"]
[Annotator "Vokac,Marek"]
[PlyCount "63"]
[WhiteTeam "CZE"]
[BlackTeam "SRB"]
[WhiteTeamCountry "CZE"]
[BlackTeamCountry "SRB"]

1. d4 d5 2. c4 c6 3. Nf3 Nf6 4. g3 Bf5 5. Nc3 e6 6. Nh4 Be4 7. f3 Bg6 8. 
Qb3 Qb6 9. c5 Qc7 10. Bf4 Qc8 11. e4 {MÅ¯j bývalý svÄ›Å™enec JiÅ™í Jirka 
strávil pÅ™ed lety nad touto pozicí hodnÄ› Ä�asu. Ono je celkem 
uÅ¾iteÄ�né, kdyÅ¾ bílý s výmÄ›nou na g6 pÅ™íliÅ¡ nespÄ›chá.} 11. ... Be7 
12. Bg2!? {Nová idea, bíllého uspokojuje prostorová pÅ™evaha v centru, 
Ä�erný aÅ¥ se rozhoduje, kam ho bude dál tlaÄ�it.} 12. ... Nh5?! 13. Bd6 
Bxd6 {Pokud se Ä�erný nerozhodl brát} ( 13. ... Bxh4 14. gxh4 {(a to 
vypadá docela podezÅ™ele), je skok jeho jezdce vcelku zbyteÄ�ný.} ) 14. 
cxd6 +/- O-O 15. Nxg6 ( 15. O-O!? ) 15. ... hxg6 16. e5 c5 17. Ne2 Nc6 18.
 f4 ( 18. g4? Nxd4 19. Nxd4 Nf4 =+ ) 18. ... cxd4 ( 18. ... Nxd4 19. Nxd4 
cxd4 20. O-O {a hrozí jak g4. tak i Vc1-c7.} ) 19. Rd1 f6 {ÄŒerný má se 
svým jezdcem váÅ¾né problémy. Å˜eÅ¡í to sázkou na masu centrálních 
pÄ›Å¡cÅ¯, ale úspÄ›ch to nepÅ™inese. Více asi mohlo hru zamotat} ( 19. ...
 g5!? 20. Nxd4 ( 20. Bf3 Nxf4 21. gxf4 gxf4 22. Nxd4 Nxe5 =/& ) 20. ... 
gxf4 21. Bf3 Nxd4 22. Rxd4 f6 23. Bxh5 fxe5 24. Rd2 Qc1+ 25. Bd1 Qc6 26. 
gxf4 += ) 20. g4 fxe5 21. gxh5 e4 ( 21. ... gxh5 22. O-O +/- ) ( 21. ... 
exf4 22. hxg6 Qe8 23. Bxd5! +- ) 22. Nxd4 Nxd4 23. Rxd4 Qc1+ 24. Ke2 Qxf4 
25. Qg3 Qf6?! {Takhle se Ä�erný nebezpeÄ�ného pÄ›Å¡ce d6 nezbaví vÅ¯bec.} 
( 25. ... gxh5 26. Qxf4 Rxf4 27. Rc1 Rd8 28. Rb4 Rxd6 29. Rxb7 e5! += {
jeÅ¡tÄ› mohlo hru dost zkomplikovat.} ) 26. Rd2 Qf5? ( 26. ... gxh5 27. h4
Rad8 ( 27. ... Qh6 28. Bh3 +/- ) 28. Rf1 Qh6 29. Rxf8+ Rxf8 30. Bh3 +/- ) 
27. Bh3 +- Qf3+ 28. Qxf3 exf3+ 29. Kf2 Rf6 30. Re1 Kf7 31. hxg6+ Rxg6 32. 
Rd3 +- 1-0